| 000 | 00677nam a2200253Ia 4500 | ||
|---|---|---|---|
| 003 | OSt | ||
| 005 | 20221006144716.0 | ||
| 006 | a|||||r|||| 00| 0 | ||
| 007 | ta | ||
| 008 | 221006b |||||||| |||| 00| 0 eng d | ||
| 020 | _c279.00 | ||
| 024 | _a12,448 | ||
| 037 | _cTextual | ||
| 040 |
_aEASL _cEASL _beng |
||
| 041 |
_2eng _aeng |
||
| 082 | _aV41.N8, M9 | ||
| 100 | _aGOODMAN David S G Ed. | ||
| 245 | 0 | _aChina at forty mid life crisis | |
| 260 |
_aOxford _bClarendon Press _c1989 |
||
| 300 |
_a178p. _ccm. |
||
| 700 | _a SEGAL Gerald Ed. | ||
| 942 |
_hV41.N8, M9 _cTEXL _2CC |
||
| 999 |
_c1080534 _d1080534 |
||